01110nam a2200229 i 450000100060000000300090000600500170001500700030003200800410003510000340007624501080011026000530021830000400027150503670031163000290067865000250070770000330073270000230076570000300078870000380081885200240085639595ES-MaACL20250928093945.0t|030303s1945 sp g |||| | spa d1 aThomàs Sabater, Joan Maria.10aCanciones españolas de instrumentos [hMúsica impresa] :bpara voz y piano / cJuan María Thomas. aPalma de Mallorca : bCapella Classica, c[1945] a1 partitura (36, [2] p.) ; c30 cm.8 aContiene: 1. Guitarra / poesía de Lope de Vega . 2. Arpa / poesía de Jorge Manrique . 3. Trompetas y atabales / poesía de Gómez Manrique . 4. Clavicémbalo / poesía del Cancionero de Sablonara . 5. Gaita / poesía de Lope de Vega . 6. Flauta y vihuela / poesía de Garcilaso de la Vega . 7. Nazardos de Realejo / poesía del Cancionero de Sablonara04aCancionero de Sablonara. 4aCanciones con piano. aManrique, Jorge,d1440?-14791 aManrique, Gómez.1 aVega, Lope de,d1562-16350 aGarcilaso de la Vega, d1501-1536 aES-MaACLj2063-F-11